[Event "Chigorin Memorial-B 14th"]
[Site "St Petersburg"]
[Date "2006.10.24"]
[Round "2"]
[White "Rumiantsev, Anton"]
[Black "Glazov, Anatoly"]
[Result "1-0"]
[WhiteElo "2227"]
[BlackElo "2028"]
[PlyCount "87"]
[EventDate "2006.10.23"]
[EventType "swiss"]
[EventRounds "9"]
[EventCountry "RUS"]
[SourceTitle "EXT 2007"]
[Source "ChessBase"]
[SourceDate "2006.11.23"]
[SourceVersion "1"]
[SourceVersionDate "2006.11.23"]
[SourceQuality "1"]

1. Nf3 d5 2. b3 Nf6 3. Bb2 Nbd7 4. d4 e6 5. Nbd2 Bb4 6. a3 Bd6 7. e3 0-0 8. Bd3 c5 9. Ne5 Qc7 10. f4 a6 11. g4 b5 12. g5 Ne8 13. c4 bxc4 14. bxc4 f5 15. Rc1 Rb8 16. Rc2 Bb7 17. Rg1 Bxe5 18. dxe5 Bc6 19. cxd5 Bxd5 20. Bxa6 Qa5 21. Qe2 Nc7 22. Bd3 Rb7 23. Kf2 Rfb8 24. Bc3 Qa7 25. Ra1 Nb5 26. Bb2 Nd4 27. Bxd4 cxd4 28. e4 fxe4 29. Nxe4 Rf8 30. Kg3 Rb3 31. Nd2 Rxa3 32. Rxa3 Qxa3 33. Ne4 g6 34. Nf6+ Nxf6 35. exf6 Qb3 36. Rc7 Ra8 37. Rg7+ Kh8 38. Rxh7+ Kg8 39. Rg7+ Kf8 40. Qe5 Qxd3+ 41. Kh4 Qa3 42. Qc7 e5 43. Rh7 Qa7 44. Qd6+ 1-0

[Event "St Petersburg"]
[Site "St Petersburg"]
[Date "2006.01.22"]
[Round "6"]
[White "Rumiantsev, Anton"]
[Black "Erdogdu, Mert"]
[Result "0-1"]
[WhiteElo "2249"]
[BlackElo "2345"]
[PlyCount "130"]
[EventDate "2006.01.17"]
[EventType "tourn"]
[EventRounds "9"]
[EventCountry "RUS"]
[EventCategory "5"]
[SourceTitle "CBM 110 Extra"]
[Source "ChessBase"]
[SourceDate "2006.03.10"]
[SourceVersion "2"]
[SourceVersionDate "2006.03.10"]
[SourceQuality "1"]

1. Nf3 Nf6 2. b3 g6 3. g3 Bg7 4. Bb2 d6 5. d4 c5 6. Bg2 cxd4 7. Nxd4 d5 8. Nf3 0-0 9. 0-0 Nc6 10. Nbd2 Qc7 11. c4 dxc4 12. Nxc4 Bf5 13. Rc1 Rfd8 14. Qe1 Bh6 15. Rd1 Rxd1 16. Qxd1 Rd8 17. Qa1 b5 18. Nce5 Nb4 19. a3 Nc2 20. Qa2 Nd5 21. Nxf7 Kxf7 22. Ne5+ Kf8 23. e4 Nc3 24. Bxc3 Qxc3 25. exf5 gxf5 26. Nc6 Rd2 27. Nxa7 Rxf2 28. Rxf2 Be3 29. Qb1 Bxa7 30. Qd1 Bxf2+ 31. Kxf2 Qc5+ 32. Ke2 Qe5+ 33. Kf2 Qc5+ 34. Ke2 Nd4+ 35. Kf1 e5 36. Qd2 Qxa3 37. Qh6+ Ke8 38. Qh5+ Kd8 39. Qg5+ Qe7 40. Qg8+ Kc7 41. Qd5 Kb6 42. b4 Qc7 43. Qa8 e4 44. Qa5+ Kb7 45. Qa3 Qc2 46. Qe3 Qc4+ 47. Kf2 Qxb4 48. g4 Qc5 49. gxf5 Qxf5+ 50. Kg3 Qe5+ 51. Kf2 Qf5+ 52. Kg3 Nf3 53. Qf4 Qd5 54. Qf8 Qg5+ 55. Kf2 Qd2+ 56. Kg3 Qg5+ 57. Kf2 Qd2+ 58. Kg3 Qd3 59. Qb4 Ne1+ 60. Kf2 Nxg2 61. Kxg2 Kb6 62. Qe7 e3 63. Qe6+ Kc5 64. Qc8+ Kb4 65. Qf8+ Kb3 0-1

[Event "St Petersburg"]
[Site "St Petersburg"]
[Date "2006.01.20"]
[Round "4"]
[White "Rumiantsev, Anton"]
[Black "Melnikov, Dmitry"]
[Result "0-1"]
[WhiteElo "2249"]
[BlackElo "2348"]
[PlyCount "162"]
[EventDate "2006.01.17"]
[EventType "tourn"]
[EventRounds "9"]
[EventCountry "RUS"]
[EventCategory "5"]
[SourceTitle "CBM 110 Extra"]
[Source "ChessBase"]
[SourceDate "2006.03.10"]
[SourceVersion "2"]
[SourceVersionDate "2006.03.10"]
[SourceQuality "1"]

1. Nf3 d6 2. d4 Nf6 3. g3 g6 4. b3 Bg7 5. Bb2 0-0 6. c4 Nfd7 7. Bg2 e5 8. Nc3 Nc6 9. dxe5 dxe5 10. 0-0 e4 11. Ne1 Nc5 12. Nc2 Bg4 13. Qc1 Bxc3 14. Bxc3 Bxe2 15. Re1 Qd3 16. Qb2 f5 17. Nd4 Nxd4 18. Bxd4 Ne6 19. Be5 Bh5 20. Re3 Qd7 21. h3 Rad8 22. Rae1 Nc5 23. Qa3 Nd3 24. Rxd3 Qxd3 25. Bxc7 Rd7 26. Bf4 Qc3 27. Rc1 Qf6 28. h4 a6 29. c5 Rd1+ 30. Rxd1 Bxd1 31. Qc1 Be2 32. Bd6 Re8 33. Qd2 Bd3 34. h5 g5 35. Bh3 h6 36. Kh2 Qe6 37. Qe3 Qd5 38. Kg1 b6 39. Qc1 e3 40. fxe3 bxc5 41. Qxc5 Qxc5 42. Bxc5 Rc8 43. b4 a5 44. a3 axb4 45. axb4 Kf7 46. Bg2 Ke6 47. Kf2 Be4 48. Bf1 Ra8 49. b5 Ra2+ 50. Kg1 Ra5 51. Bb4 Ra1 52. Kf2 Ra2+ 53. Kg1 Kd5 54. Bf8 Bf3 55. Bxh6 Ke4 56. Bxg5 Bxh5 57. Bg2+ Bf3 58. Bf1 Ra1 59. Kf2 Ra2+ 60. Kg1 Ra3 61. Kf2 Rb3 62. Bf4 Rb2+ 63. Kg1 Be2 64. Bxe2 Rxe2 65. b6 Rb2 66. Bc7 Kxe3 67. Kf1 Ke4 68. Ke1 Kd3 69. Kf1 Ke3 70. Kg1 Kf3 71. Kh1 Rb5 72. Kg1 Rb1+ 73. Kh2 Kf2 74. Bd8 Rd1 75. Bh4 Kf3 76. Bg5 Rd6 77. Bf4 Rxb6 78. Kh3 Rb4 79. Be5 Rg4 80. Kh2 Rg8 81. Bf4 Rg7 0-1

[Event "Petrovskaya Ladya"]
[Site "Peterhof"]
[Date "2005.08.10"]
[Round "12"]
[White "Rumiantsev, Anton"]
[Black "Popov, Valerij"]
[Result "1/2-1/2"]
[WhiteElo "2309"]
[BlackElo "2570"]
[PlyCount "108"]
[EventDate "2005.08.01"]
[EventType "tourn"]
[EventRounds "13"]
[EventCountry "RUS"]
[EventCategory "5"]
[SourceTitle "CBM 107 Extra"]
[Source "ChessBase"]
[SourceDate "2005.09.01"]
[SourceVersion "1"]
[SourceVersionDate "2005.09.01"]
[SourceQuality "1"]

1. Nf3 d5 2. b3 c5 3. e3 Nf6 4. Bb2 Nc6 5. Bb5 Qb6 6. Bxc6+ Qxc6 7. Ne5 Qc7 8. d3 g6 9. c4 dxc4 10. bxc4 Bg7 11. Qc2 0-0 12. 0-0 Bf5 13. e4 Be6 14. Nf3 Bg4 15. Ne5 g5 16. Nxg4 Nxg4 17. g3 Bxb2 18. Qxb2 Rfd8 19. Rd1 Ne5 20. Qe2 g4 21. Nc3 e6 22. h3 gxh3 23. f4 Nc6 24. Qg4+ Kh8 25. Qxh3 Rg8 26. Kf2 Nb4 27. Ke2 Qd7 28. g4 f5 29. gxf5 exf5 30. Qxf5 Rg2+ 31. Kf3 Qg7 32. Qe5 Rg3+ 33. Ke2 Qxe5 34. fxe5 Nc6 35. Nd5 Nxe5 36. Rg1 Rag8 37. Rxg3 Rxg3 38. Rf1 Rg2+ 39. Ke3 Rxa2 40. Rf5 Ng4+ 41. Kf3 Nh6 42. Rf8+ Kg7 43. Rb8 Rb2 44. Rc8 Nf7 45. Rxc5 Ne5+ 46. Ke3 Nc6 47. Rb5 Rxb5 48. cxb5 Ne5 49. Nc7 h5 50. d4 Ng6 51. Ne6+ Kf6 52. Nd8 h4 53. Kf3 h3 54. Nxb7 Nh4+ 1/2-1/2

[Event "Petrovskaya Ladya"]
[Site "Peterhof"]
[Date "2005.08.06"]
[Round "8"]
[White "Eliseev, Alexey"]
[Black "Rumiantsev, Anton"]
[Result "1-0"]
[WhiteElo "2439"]
[BlackElo "2309"]
[PlyCount "105"]
[EventDate "2005.08.01"]
[EventType "tourn"]
[EventRounds "13"]
[EventCountry "RUS"]
[EventCategory "5"]
[SourceTitle "CBM 107 Extra"]
[Source "ChessBase"]
[SourceDate "2005.09.01"]
[SourceVersion "1"]
[SourceVersionDate "2005.09.01"]
[SourceQuality "1"]

1. e4 c6 2. d4 d5 3. e5 Bf5 4. Nf3 e6 5. Be2 h6 6. 0-0 Ne7 7. c4 dxc4 8. Bxc4 Nd7 9. Nc3 Nb6 10. Be2 Ned5 11. Ne1 h5 12. Qb3 Be7 13. a4 Nb4 14. a5 N6d5 15. Bd2 h4 16. Nxd5 Nxd5 17. Qxb7 0-0 18. Qxc6 Rb8 19. Qc1 Qd7 20. Bd3 Rfc8 21. Qb1 Bb4 22. Qd1 h3 23. Bxf5 hxg2 24. Bh7+ Kxh7 25. Nxg2 g6 26. h4 Kg7 27. h5 Rh8 28. h6+ Kh7 29. Be3 Nxe3 30. fxe3 Kxh6 31. Qf3 Kg7 32. Nf4 Qe7 33. Rf2 Rh6 34. Nd3 Rbh8 35. Qf6+ Kg8 36. Qxe7 Bxe7 37. Raf1 Bg5 38. Nf4 Bxf4 39. exf4 Rh1+ 40. Kg2 R1h2+ 41. Kf3 R2h3+ 42. Ke4 Rb3 43. Rc1 Kg7 44. Rc7 Rhh3 45. Re2 Rh4 46. Rxa7 g5 47. Rf2 Rxf4+ 48. Rxf4 gxf4 49. Kxf4 Rxb2 50. d5 Rb4+ 51. Kf3 exd5 52. e6 Ra4 53. e7 1-0

[Event "Petrovskaya Ladya"]
[Site "Peterhof"]
[Date "2005.08.06"]
[Round "7"]
[White "Rumiantsev, Anton"]
[Black "Bets, Anatolij"]
[Result "0-1"]
[WhiteElo "2309"]
[BlackElo "2377"]
[PlyCount "54"]
[EventDate "2005.08.01"]
[EventType "tourn"]
[EventRounds "13"]
[EventCountry "RUS"]
[EventCategory "5"]
[SourceTitle "CBM 107 Extra"]
[Source "ChessBase"]
[SourceDate "2005.09.01"]
[SourceVersion "1"]
[SourceVersionDate "2005.09.01"]
[SourceQuality "1"]

1. Nf3 d5 2. b3 Nf6 3. Bb2 e6 4. e3 Be7 5. d4 0-0 6. Bd3 b6 7. 0-0 Bb7 8. Ne5 Nbd7 9. Nd2 Nxe5 10. dxe5 Nd7 11. f4 g6 12. Qe2 Nc5 13. Rfd1 Nxd3 14. Qxd3 Qc8 15. e4 Rd8 16. Qe2 Qd7 17. Rac1 Qc6 18. exd5 Rxd5 19. Nf3 Rad8 20. c4 R5d7 21. Kf1 Bc5 22. Rxd7 Qxd7 23. Ke1 a5 24. Bc3 Qd3 25. Bd2 Bxf3 26. gxf3 Qd4 27. Qg2 Bb4 0-1

[Event "Petrovskaya Ladya"]
[Site "Peterhof"]
[Date "2005.08.04"]
[Round "5"]
[White "Rumiantsev, Anton"]
[Black "Zhidkov, Valery S"]
[Result "0-1"]
[WhiteElo "2309"]
[BlackElo "2410"]
[PlyCount "78"]
[EventDate "2005.08.01"]
[EventType "tourn"]
[EventRounds "13"]
[EventCountry "RUS"]
[EventCategory "5"]
[SourceTitle "CBM 107 Extra"]
[Source "ChessBase"]
[SourceDate "2005.09.01"]
[SourceVersion "1"]
[SourceVersionDate "2005.09.01"]
[SourceQuality "1"]

1. Nf3 Nf6 2. b3 g6 3. Bb2 Bg7 4. g3 c5 5. Bg2 0-0 6. 0-0 Nc6 7. c4 d6 8. d4 Ne4 9. Nbd2 Bf5 10. e3 Qa5 11. a3 Nc3 12. Bxc3 Qxc3 13. Rc1 Qa5 14. d5 Nb8 15. e4 Bg4 16. a4 Nd7 17. h3 Bxf3 18. Bxf3 Nf6 19. Be2 a6 20. f4 Ne8 21. Nf3 Nc7 22. e5 b5 23. Ra1 dxe5 24. fxe5 Qc3 25. Qd3 Bxe5 26. Rac1 Qxd3 27. Bxd3 Bxg3 28. cxb5 axb5 29. Bxb5 Nxb5 30. axb5 Bd6 31. Ra1 Rab8 32. Ra5 Rb7 33. Rc1 Rfb8 34. b4 Rxb5 35. Rxb5 Rxb5 36. bxc5 Bxc5+ 37. Kg2 Rb2+ 38. Kh1 Bd6 39. Rd1 Kg7 0-1

[Event "Petrovskaya Ladya"]
[Site "Peterhof"]
[Date "2005.08.03"]
[Round "4"]
[White "Dornbusch, Tatiana"]
[Black "Rumiantsev, Anton"]
[Result "1-0"]
[WhiteElo "2281"]
[BlackElo "2309"]
[PlyCount "59"]
[EventDate "2005.08.01"]
[EventType "tourn"]
[EventRounds "13"]
[EventCountry "RUS"]
[EventCategory "5"]
[SourceTitle "CBM 107 Extra"]
[Source "ChessBase"]
[SourceDate "2005.09.01"]
[SourceVersion "1"]
[SourceVersionDate "2005.09.01"]
[SourceQuality "1"]

1. d4 d5 2. c4 e6 3. Nc3 c6 4. e3 Nf6 5. Nf3 Nbd7 6. Qc2 Bd6 7. g4 Bb4 8. Bd2 b6 9. Rg1 Bb7 10. g5 Bxc3 11. Bxc3 Ne4 12. Bd3 Nxc3 13. Qxc3 Qe7 14. 0-0-0 0-0-0 15. cxd5 exd5 16. Bf5 Kb8 17. Kb1 Qd6 18. Rde1 h6 19. Bxd7 Rxd7 20. Ne5 Rc7 21. g6 fxg6 22. Rxg6 Qf8 23. f4 Qf5+ 24. Qc2 Qh3 25. Rg3 Qh5 26. Reg1 Rg8 27. Qh7 Rgc8 28. Rxg7 Qxh2 29. Qc2 Rxg7 30. Qxh2 1-0

[Event "Petrovskaya Ladya"]
[Site "Peterhof"]
[Date "2005.08.02"]
[Round "2"]
[White "Lintchevski, Daniil"]
[Black "Rumiantsev, Anton"]
[Result "1-0"]
[WhiteElo "2332"]
[BlackElo "2309"]
[PlyCount "95"]
[EventDate "2005.08.01"]
[EventType "tourn"]
[EventRounds "13"]
[EventCountry "RUS"]
[EventCategory "5"]
[SourceTitle "CBM 107 Extra"]
[Source "ChessBase"]
[SourceDate "2005.09.01"]
[SourceVersion "1"]
[SourceVersionDate "2005.09.01"]
[SourceQuality "1"]

1. e4 c6 2. d4 g6 3. Nc3 d5 4. h3 Bg7 5. Nf3 dxe4 6. Nxe4 Nd7 7. Bd3 Ngf6 8. Qe2 Nxe4 9. Qxe4 0-0 10. 0-0 c5 11. Bg5 f6 12. Be3 cxd4 13. Qd5+ Kh8 14. Nxd4 Nb6 15. Qxd8 Rxd8 16. Nb5 f5 17. Nxa7 Nd5 18. Nxc8 Raxc8 19. Bg5 h6 20. Bd2 e5 21. f3 Nf6 22. Ba5 Rd5 23. Bc3 Nh5 24. Rfe1 Nf4 25. Bf1 Rcd8 26. a4 Rc5 27. Ra3 Re8 28. Bb5 Rd8 29. Ba5 Ra8 30. Bc3 Kh7 31. Rb3 Rd8 32. Bf1 Rd7 33. Rb5 Rdc7 34. Rd1 Rxb5 35. axb5 e4 36. b6 Re7 37. Bxg7 Kxg7 38. fxe4 fxe4 39. g3 Nh5 40. Kg2 Kf6 41. Rd6+ Kg7 42. Bc4 Nf6 43. Kf1 Re5 44. Ke2 Rg5 45. Re6 Ng8 46. Rxe4 Rxg3 47. Bxg8 Kxg8 48. Re7 1-0

[Event "Petrovskaya Ladya"]
[Site "Peterhof"]
[Date "2005.08.01"]
[Round "1"]
[White "Rumiantsev, Anton"]
[Black "Arzumanian, Georgy"]
[Result "0-1"]
[WhiteElo "2309"]
[BlackElo "2448"]
[PlyCount "48"]
[EventDate "2005.08.01"]
[EventType "tourn"]
[EventRounds "13"]
[EventCountry "RUS"]
[EventCategory "5"]
[SourceTitle "CBM 107 Extra"]
[Source "ChessBase"]
[SourceDate "2005.09.01"]
[SourceVersion "1"]
[SourceVersionDate "2005.09.01"]
[SourceQuality "1"]

1. Nf3 d5 2. c4 e6 3. g3 dxc4 4. Qa4+ Nd7 5. Qxc4 a6 6. d4 Ngf6 7. Bg2 b5 8. Qc2 Bb7 9. 0-0 c5 10. a4 Rc8 11. axb5 axb5 12. Qb3 b4 13. dxc5 Bxc5 14. Nh4 Bxg2 15. Nxg2 0-0 16. Be3 Nd5 17. Bxc5 Nxc5 18. Qf3 Nb6 19. Qf4 Nb3 20. Ra6 Nd4 21. Qd2 Rc2 22. Qd1 Rxe2 23. b3 Nf3+ 24. Kh1 Rxf2 0-1

[Event "Chigorin Memorial 12th"]
[Site "St Petersburg"]
[Date "2004.10.24"]
[Round "9"]
[White "Rumiantsev, Anton"]
[Black "Rodkin, Felix"]
[Result "1-0"]
[WhiteElo "2307"]
[BlackElo "2200"]
[PlyCount "51"]
[EventDate "2004.10.16"]
[EventType "swiss"]
[EventRounds "9"]
[EventCountry "RUS"]
[SourceTitle "EXT 2005"]
[Source "ChessBase"]
[SourceDate "2004.11.15"]
[SourceVersion "1"]
[SourceVersionDate "2004.11.15"]
[SourceQuality "1"]

1. Nf3 d5 2. b3 Nf6 3. Bb2 e6 4. e3 Be7 5. d4 0-0 6. Bd3 Nbd7 7. Nbd2 c5 8. 0-0 b6 9. Ne5 Bb7 10. f4 Ne4 11. Nxe4 dxe4 12. Bc4 a6 13. a4 Rc8 14. Qe2 Nb8 15. f5 exf5 16. Rxf5 Bd5 17. Bxd5 Qxd5 18. Raf1 Qe6 19. d5 Qxd5 20. Ng6 Qe6 21. Nxf8 Rxf8 22. Re5 Qd6 23. Rxe4 Nc6 24. Qxa6 Qg6 25. Qc4 Rd8 26. Rg4 1-0

[Event "Chigorin Memorial 12th"]
[Site "St Petersburg"]
[Date "2004.10.20"]
[Round "5"]
[White "Rumiantsev, Anton"]
[Black "Lysyj, Igor"]
[Result "0-1"]
[WhiteElo "2307"]
[BlackElo "2485"]
[PlyCount "96"]
[EventDate "2004.10.16"]
[EventType "swiss"]
[EventRounds "9"]
[EventCountry "RUS"]
[SourceTitle "EXT 2005"]
[Source "ChessBase"]
[SourceDate "2004.11.15"]
[SourceVersion "1"]
[SourceVersionDate "2004.11.15"]
[SourceQuality "1"]

1. Nf3 d5 2. b3 c5 3. c4 d4 4. d3 Nc6 5. e4 e5 6. g3 Nf6 7. Bg2 h6 8. Nh4 Nh7 9. 0-0 g6 10. Bd2 Be7 11. Nf3 g5 12. Ne1 Nf6 13. Na3 Bg4 14. f3 Be6 15. Nac2 a6 16. a3 b5 17. f4 gxf4 18. gxf4 Bg4 19. Bf3 Rg8 20. Kh1 exf4 21. Bxf4 Bd6 22. e5 Nxe5 23. Bxe5 Bxe5 24. Bc6+ Kf8 25. Qd2 Qb6 26. Bg2 Qd6 27. Nf3 Bf4 28. Qf2 bxc4 29. bxc4 Re8 30. Rae1 Rxe1 31. Nfxe1 Be5 32. Nf3 Bxf3 33. Bxf3 Qe6 34. Qh4 h5 35. Ne1 Rg6 36. Ng2 Qd6 37. Qf2 Qe6 38. Nh4 Rg5 39. Be2 Ng4 40. Qg2 Bf6 41. Bxg4 hxg4 42. Qf2 Be5 43. Nf5 Rh5 44. Ng3 Rh3 45. Kg1 Qg6 46. a4 Bxg3 47. hxg3 Qh5 48. Qg2 Qe5 0-1

[Event "Chigorin Memorial 12th"]
[Site "St Petersburg"]
[Date "2004.10.19"]
[Round "4"]
[White "Zakhartsov, Viacheslav V"]
[Black "Rumiantsev, Anton"]
[Result "1/2-1/2"]
[WhiteElo "2538"]
[BlackElo "2307"]
[PlyCount "85"]
[EventDate "2004.10.16"]
[EventType "swiss"]
[EventRounds "9"]
[EventCountry "RUS"]
[SourceTitle "EXT 2005"]
[Source "ChessBase"]
[SourceDate "2004.11.15"]
[SourceVersion "1"]
[SourceVersionDate "2004.11.15"]
[SourceQuality "1"]

1. e4 c6 2. d4 g6 3. c4 d5 4. exd5 cxd5 5. Nc3 Nf6 6. Qb3 Nbd7 7. cxd5 Nb6 8. Bb5+ Bd7 9. Be2 Bg7 10. Bf3 Bg4 11. Bxg4 Nxg4 12. Nge2 0-0 13. a4 Nf6 14. Nf4 g5 15. Nfe2 h6 16. h4 g4 17. Nf4 a5 18. 0-0 Qd6 19. Nb5 Qd7 20. d6 exd6 21. Nc3 Ra6 22. Be3 Rc8 23. Rac1 g3 24. Nb5 gxf2+ 25. Bxf2 d5 26. Nd3 Nc4 27. Ne5 Qe6 28. Rfe1 Nxe5 29. Rxc8+ Qxc8 30. dxe5 Ng4 31. Qxd5 Nxf2 32. Kxf2 Qc2+ 33. Kg1 Qxa4 34. Rf1 Re6 35. Nd6 Bxe5 36. Nc4 Qc6 37. Qxc6 bxc6 38. Nxe5 Rxe5 39. Rc1 Re4 40. Rxc6 Rxh4 41. b3 Rb4 42. Rc5 Rxb3 43. Rxa5 1/2-1/2

[Event "Chigorin Memorial 12th"]
[Site "St Petersburg"]
[Date "2004.10.17"]
[Round "2"]
[White "Novikov, Maxim"]
[Black "Rumiantsev, Anton"]
[Result "1-0"]
[WhiteElo "2498"]
[BlackElo "2307"]
[PlyCount "51"]
[EventDate "2004.10.16"]
[EventType "swiss"]
[EventRounds "9"]
[EventCountry "RUS"]
[SourceTitle "EXT 2005"]
[Source "ChessBase"]
[SourceDate "2004.11.15"]
[SourceVersion "1"]
[SourceVersionDate "2004.11.15"]
[SourceQuality "1"]

1. e4 c6 2. d4 g6 3. Bd3 d5 4. e5 h5 5. Ne2 Nh6 6. 0-0 Nf5 7. Nd2 Bh6 8. Nf3 Bxc1 9. Qxc1 Nh6 10. Nf4 e6 11. c4 b6 12. Rd1 Ba6 13. cxd5 Bxd3 14. Rxd3 cxd5 15. Rc3 Nd7 16. Qc2 Nf5 17. Rc1 0-0 18. Rc7 Nc5 19. Rxf7 Kxf7 20. dxc5 bxc5 21. h4 Qe7 22. Ng5+ Kg7 23. Ngxe6+ Kh7 24. Nxf8+ Rxf8 25. Qxc5 Qxc5 26. Rxc5 1-0

[Event "RUS-Cup 300 years"]
[Site "St Petersburg"]
[Date "2003.10.25"]
[Round "8"]
[White "Utegaliev, Azamat"]
[Black "Rumiantsev, Anton"]
[Result "1-0"]
[WhiteElo "2094"]
[BlackElo "2282"]
[PlyCount "48"]
[EventDate "2003.10.18"]
[EventType "swiss"]
[EventRounds "9"]
[EventCountry "RUS"]
[SourceTitle "EXT 2004"]
[Source "ChessBase"]
[SourceDate "2003.11.25"]
[SourceVersion "1"]
[SourceVersionDate "2003.11.25"]
[SourceQuality "1"]

1. e4 c6 2. Nf3 g6 3. d4 d5 4. e5 h5 5. Bd3 Bg4 6. Nbd2 e6 7. h3 Bxf3 8. Nxf3 Bh6 9. 0-0 Bxc1 10. Rxc1 Nd7 11. c4 dxc4 12. Bxc4 Nb6 13. Qb3 Ne7 14. a4 a5 15. Bd3 Ned5 16. Be4 g5 17. Bxd5 exd5 18. Nxg5 Qc7 19. e6 f6 20. Nf7 Rg8 21. Qf3 Ke7 22. Nh6 Rg5 23. h4 Rg7 24. Nf5+ Kf8 1-0

[Event "RUS-Cup 300 years"]
[Site "St Petersburg"]
[Date "2003.10.24"]
[Round "7"]
[White "Doroshkievich, Vladimir K"]
[Black "Rumiantsev, Anton"]
[Result "1-0"]
[WhiteElo "2426"]
[BlackElo "2282"]
[PlyCount "61"]
[EventDate "2003.10.18"]
[EventType "swiss"]
[EventRounds "9"]
[EventCountry "RUS"]
[SourceTitle "EXT 2004"]
[Source "ChessBase"]
[SourceDate "2003.11.25"]
[SourceVersion "1"]
[SourceVersionDate "2003.11.25"]
[SourceQuality "1"]

1. d4 d5 2. c4 e6 3. Nc3 c6 4. e3 Nf6 5. Nf3 Nbd7 6. Qc2 Bd6 7. Bd3 0-0 8. 0-0 e5 9. cxd5 cxd5 10. e4 dxe4 11. Nxe4 Nxe4 12. Bxe4 h6 13. Be3 exd4 14. Bh7+ Kh8 15. Bxd4 Nf6 16. Bf5 Qa5 17. Bxc8 Rfxc8 18. Qb3 Qc7 19. Bxf6 gxf6 20. Rad1 Be5 21. Nxe5 fxe5 22. Qh3 Qb6 23. Rd7 Rf8 24. Qf5 Qxb2 25. Qf6+ Kh7 26. Rxf7+ Rxf7 27. Qxf7+ Kh8 28. Qf6+ Kh7 29. Rd1 Qb5 30. Qf5+ Kh8 31. Rd7 1-0

[Event "RUS-Cup 300 years"]
[Site "St Petersburg"]
[Date "2003.10.21"]
[Round "4"]
[White "Eliseev, Alexey"]
[Black "Rumiantsev, Anton"]
[Result "0-1"]
[WhiteElo "2477"]
[BlackElo "2282"]
[PlyCount "82"]
[EventDate "2003.10.18"]
[EventType "swiss"]
[EventRounds "9"]
[EventCountry "RUS"]
[SourceTitle "EXT 2004"]
[Source "ChessBase"]
[SourceDate "2003.11.25"]
[SourceVersion "1"]
[SourceVersionDate "2003.11.25"]
[SourceQuality "1"]

1. d4 d5 2. Bg5 c6 3. e3 Qb6 4. Qc1 Bf5 5. Nf3 h6 6. Bf4 e6 7. c4 Bb4+ 8. Nc3 dxc4 9. Bxc4 Nf6 10. 0-0 0-0 11. h3 Qd8 12. Rd1 Nbd7 13. a3 Ba5 14. Bh2 Rc8 15. b4 Bc7 16. Ne5 Nxe5 17. dxe5 Nd7 18. e4 Bh7 19. Kh1 Qe7 20. f4 Kh8 21. Qe3 a5 22. b5 Bb6 23. Qe2 Rfd8 24. bxc6 Rxc6 25. Na4 Nc5 26. Nxb6 Rxd1+ 27. Rxd1 Rxb6 28. Bb5 Bxe4 29. a4 Rc6 30. Bxc6 Bxc6 31. Rd6 Nxa4 32. Qe3 Bd5 33. Qd2 Qc7 34. f5 Qc4 35. Bf4 Qf1+ 36. Kh2 Bxg2 37. fxe6 Qh1+ 38. Kg3 Qxh3+ 39. Kf2 Nc3 40. Qxc3 Qxc3 41. exf7 Qf3+ 0-1

[Event "RUS-Cup 300 years"]
[Site "St Petersburg"]
[Date "2003.10.20"]
[Round "3"]
[White "Rumiantsev, Anton"]
[Black "Lelekova, Olga"]
[Result "1/2-1/2"]
[WhiteElo "2282"]
[BlackElo "2062"]
[PlyCount "112"]
[EventDate "2003.10.18"]
[EventType "swiss"]
[EventRounds "9"]
[EventCountry "RUS"]
[SourceTitle "EXT 2004"]
[Source "ChessBase"]
[SourceDate "2003.11.25"]
[SourceVersion "1"]
[SourceVersionDate "2003.11.25"]
[SourceQuality "1"]

1. Nf3 d6 2. d4 Nd7 3. d5 c5 4. c4 g6 5. g3 Bg7 6. Bg2 Ngf6 7. 0-0 0-0 8. Nc3 a6 9. a4 Rb8 10. Qc2 Ne8 11. b3 b5 12. Ra2 bxc4 13. bxc4 Rb4 14. Nd1 Nb6 15. Bd2 Bf5 16. e4 Rxc4 17. Qb3 Bxe4 18. Ne1 Bxg2 19. Nxg2 Rd4 20. Ba5 Rb4 21. Bxb4 cxb4 22. a5 Nd7 23. Qxb4 Nc7 24. Nde3 Nb5 25. Rc2 Nc5 26. Rd1 Qa8 27. Nc4 Nd4 28. Rxd4 Bxd4 29. Nb6 Bxf2+ 30. Rxf2 Qa7 31. Qd4 Nb3 32. Qc3 Nc5 33. Qf3 Nd7 34. Nxd7 Qxd7 35. Nf4 Rb8 36. h4 Qa4 37. Qe2 Rb1+ 38. Kg2 Qa1 39. Qxa6 Rg1+ 40. Kf3 Qc3+ 41. Qd3 Qxa5 42. Nh3 Ra1 43. Kg2 Ra3 44. Qe4 Qc5 45. Nf4 Re3 46. Qa4 Qc8 47. Qc6 Qb8 48. Qd7 Kg7 49. Ne6+ fxe6 50. Qxe7+ Kg8 51. Rf7 Qb2+ 52. Kh3 Rxg3+ 53. Kxg3 Qe5+ 54. Rf4 Qe3+ 55. Rf3 Qg1+ 56. Kh3 Qh1+ 1/2-1/2

[Event "St Petersburg op"]
[Site "St Petersburg"]
[Date "2003.??.??"]
[Round "4"]
[White "Rumiantsev, Anton"]
[Black "Ermolov, Vasily"]
[Result "1-0"]
[WhiteElo "2282"]
[BlackElo "2196"]
[PlyCount "103"]
[EventDate "2003.??.??"]
[EventType "swiss"]
[EventRounds "9"]
[EventCountry "RUS"]
[SourceTitle "EXT 2005"]
[Source "ChessBase"]
[SourceDate "2004.11.15"]
[SourceVersion "1"]
[SourceVersionDate "2004.11.15"]
[SourceQuality "1"]

1. Nf3 Nf6 2. b3 c5 3. Bb2 e6 4. e3 d5 5. d4 Nc6 6. Bd3 cxd4 7. exd4 Bd6 8. a3 0-0 9. 0-0 Re8 10. Ne5 Qc7 11. Qe2 g6 12. Nd2 a6 13. c4 Nh5 14. f4 Ng7 15. Qf3 Ne7 16. Rac1 Qd8 17. c5 Bc7 18. Qe2 Bd7 19. Rf3 Rc8 20. Rh3 f5 21. Ndf3 Bxe5 22. fxe5 Nc6 23. Qd2 Qe7 24. Ng5 h5 25. Nf3 Kh7 26. Rf1 Rf8 27. Qf4 Rh8 28. Bc1 Kg8 29. Rg3 Be8 30. Nh4 Rh7 31. Bd2 Qd8 32. b4 Ne7 33. Qf2 Bf7 34. Bg5 Qe8 35. Bf6 Rc7 36. Qe3 Qa4 37. Qg5 Qe8 38. a4 Nc6 39. b5 Nxd4 40. c6 Nb3 41. Qf4 Nc5 42. Qb4 Nxd3 43. Rxd3 bxc6 44. Qa5 Qc8 45. b6 Rd7 46. Qc5 d4 47. Rxd4 Rd5 48. Rxd5 exd5 49. Rc1 Be6 50. Qxc6 Qd7 51. b7 Qxc6 52. Rxc6 1-0

[Event "Chigorin Memorial-B 10th"]
[Site "St Petersburg"]
[Date "2002.11.01"]
[Round "7"]
[White "Rumiantsev, Anton"]
[Black "Savchenko, Boris"]
[Result "0-1"]
[WhiteElo "2214"]
[BlackElo "2366"]
[PlyCount "41"]
[EventDate "2002.10.25"]
[EventType "swiss"]
[EventRounds "9"]
[EventCountry "RUS"]
[SourceTitle "EXT 2003"]
[Source "ChessBase"]
[SourceDate "2002.11.25"]
[SourceVersion "1"]
[SourceVersionDate "2002.11.25"]
[SourceQuality "1"]

1. Nf3 Nf6 2. g3 b5 3. Bg2 Bb7 4. 0-0 e6 5. b3 Be7 6. Bb2 0-0 7. d4 c5 8. e3 Nc6 9. c4 bxc4 10. bxc4 cxd4 11. exd4 d5 12. c5 Ba6 13. Re1 Rb8 14. Bc3 Ne4 15. Qc1 Bf6 16. Nbd2 Nxc3 17. Qxc3 Rb4 18. Ne5 Bxe5 19. dxe5 Qa5 20. a3 Rd4 21. Nb3 0-1